<?xml version="1.0" encoding="UTF-8"?>
<record
    xmlns:xsi="http://www.w3.org/2001/XMLSchema-instance"
    xsi:schemaLocation="http://www.loc.gov/MARC21/slim http://www.loc.gov/standards/marcxml/schema/MARC21slim.xsd"
    xmlns="http://www.loc.gov/MARC21/slim">

  <leader>00794nam a22002177a 4500</leader>
  <controlfield tag="005">20110926143334.0</controlfield>
  <datafield tag="010" ind1=" " ind2=" ">
    <subfield code="a">G-001481</subfield>
  </datafield>
  <datafield tag="020" ind1=" " ind2=" ">
    <subfield code="c">295.00</subfield>
    <subfield code="a">9788127248673</subfield>
  </datafield>
  <datafield tag="035" ind1="1" ind2="d">
    <subfield code="a">G-001481</subfield>
  </datafield>
  <datafield tag="037" ind1=" " ind2=" ">
    <subfield code="b">Gift </subfield>
  </datafield>
  <datafield tag="082" ind1=" " ind2=" ">
    <subfield code="a">576.139</subfield>
  </datafield>
  <datafield tag="100" ind1=" " ind2=" ">
    <subfield code="a">Singh, B.D. </subfield>
    <subfield code="9">34860</subfield>
  </datafield>
  <datafield tag="245" ind1=" " ind2=" ">
    <subfield code="a">Genetics /</subfield>
    <subfield code="c">by B.D. Singh </subfield>
  </datafield>
  <datafield tag="260" ind1=" " ind2=" ">
    <subfield code="a">New Delhi </subfield>
    <subfield code="b">Kalyani Publishers </subfield>
    <subfield code="c">2011(repr.). </subfield>
  </datafield>
  <datafield tag="270" ind1=" " ind2=" ">
    <subfield code="a">4779, Ansari Raod, Daryaganj</subfield>
    <subfield code="b">New Delhi </subfield>
    <subfield code="e">110002</subfield>
  </datafield>
  <datafield tag="300" ind1=" " ind2=" ">
    <subfield code="a">xxix, 823p. </subfield>
    <subfield code="c">26cm(pbk) </subfield>
  </datafield>
  <datafield tag="500" ind1=" " ind2=" ">
    <subfield code="a">Includes index </subfield>
  </datafield>
  <datafield tag="942" ind1=" " ind2=" ">
    <subfield code="2">ddc</subfield>
    <subfield code="c">EN</subfield>
    <subfield code="h">576.139</subfield>
    <subfield code="m">SIN</subfield>
  </datafield>
  <datafield tag="999" ind1=" " ind2=" ">
    <subfield code="c">57001</subfield>
    <subfield code="d">57001</subfield>
  </datafield>
  <datafield tag="952" ind1=" " ind2=" ">
    <subfield code="0">0</subfield>
    <subfield code="1">0</subfield>
    <subfield code="4">0</subfield>
    <subfield code="7">0</subfield>
    <subfield code="8">NFIC</subfield>
    <subfield code="a">JP</subfield>
    <subfield code="b">JP</subfield>
    <subfield code="d">2011-09-26</subfield>
    <subfield code="e">gift</subfield>
    <subfield code="g">295.00</subfield>
    <subfield code="l">16</subfield>
    <subfield code="m">1</subfield>
    <subfield code="o">576.139 SIN</subfield>
    <subfield code="p">G-001481</subfield>
    <subfield code="q">2013-07-06</subfield>
    <subfield code="r">2013-06-22 00:00:00</subfield>
    <subfield code="s">2013-06-22</subfield>
    <subfield code="t">1</subfield>
    <subfield code="v">295.00</subfield>
    <subfield code="w">2011-09-26</subfield>
    <subfield code="y">EN</subfield>
  </datafield>
</record>
